Genetics and breeding of rice / (Record no. 14742)
[ view plain ]
| 000 -LEADER | |
|---|---|
| fixed length control field | 00783cam a22002651 4500 |
| 001 - CONTROL NUMBER | |
| control field | 14742 |
| 003 - CONTROL NUMBER IDENTIFIER | |
| rucl marc code | BD-RjUL |
| 005 - DATE AND TIME OF LATEST TRANSACTION | |
| control field | 20211208235701.0 |
| 008 - FIXED-LENGTH DATA ELEMENTS--GENERAL INFORMATION | |
| fixed length control field | 140208s1964 xx 000 0 eng |
| 035 ## - SYSTEM CONTROL NUMBER | |
| System control number | (BD-RjUL)14796 |
| System control number | (OCoLC)706077 |
| 040 ## - CATALOGING SOURCE | |
| Original cataloging agency | DLC |
| Transcribing agency | OOxM |
| Modifying agency | OCoLC |
| -- | Uk |
| -- | DLC |
| -- | BD-RjUL |
| Language of cataloging | eng |
| 041 ## - LANGUAGE CODE | |
| Language code of text/sound track or separate title | eng |
| 082 ## - DEWEY DECIMAL CLASSIFICATION NUMBER | |
| Classification number | 633.18 |
| Author mark and year | CHG |
| 100 1# - MAIN ENTRY--PERSONAL NAME | |
| Personal name | Chandraratna, Modestus Fernando, |
| Dates associated with a name | 1910- |
| 9 (RLIN) | 45928 |
| 245 10 - TITLE STATEMENT | |
| Title | Genetics and breeding of rice / |
| Statement of responsibility, etc. | M. F. Chandraratna. |
| 260 ## - PUBLICATION, DISTRIBUTION, ETC. (IMPRINT) | |
| Place of publication, distribution, etc. | London : |
| Name of publisher, distributor, etc. | Longmans, |
| Date of publication, distribution, etc. | 1964. |
| 300 ## - PHYSICAL DESCRIPTION | |
| Pagination | ix, 389p : |
| Illustrations | illus.; |
| Size | 23 cm. |
| 490 0# - SERIES STATEMENT | |
| Series statement | Tropical science series |
| 504 ## - BIBLIOGRAPHY, ETC. NOTE | |
| Bibliography, etc | Includes Bibliography: p. [335]-379 and index. |
| 650 #0 - SUBJECT ADDED ENTRY--TOPICAL TERM | |
| Topical term or geographic name as entry element | Rice |
| General subdivision | Breeding. |
| 9 (RLIN) | 45929 |
| 942 ## - ADDED ENTRY ELEMENTS (KOHA) | |
| Source of classification or shelving scheme | Dewey Decimal Classification |
| Koha item type | Books |
| Lost status | Source of classification or shelving scheme | Damaged status | Not for loan | Collection code | Permanent Location | Current Location | Shelving location | Date acquired | Source of acquisition | Cost, normal purchase price | Total Checkouts | Full call number | Date last seen | Copy number | Koha item type |
|---|---|---|---|---|---|---|---|---|---|---|---|---|---|---|---|
| Dewey Decimal Classification | Non-fiction | Central Library, University of Rajshahi | Central Library, University of Rajshahi | 13/08/1968 | Swets & Zeitlinger. | 70.00 | 633.18 CHG 1964 | 08/02/2014 | C-2 | Books | |||||
| Dewey Decimal Classification | Not For Loan | Non-fiction | Central Library, University of Rajshahi | Central Library, University of Rajshahi | Reading Room | 13/08/1968 | Sweets & Zeitlinger | 70.00 | 633.18 CHG 1964 | 05/06/2017 | C-1 | Books | |||
| Dewey Decimal Classification | Non-fiction | Central Library, University of Rajshahi | Central Library, University of Rajshahi | 06/03/1970 | Zeitlinger | 80.00 | 633.18 CHG 1964 | 05/06/2017 | C-3 | Books | |||||
| Dewey Decimal Classification | Non-fiction | Central Library, University of Rajshahi | Central Library, University of Rajshahi | 25/01/1969 | Zeitlinger | 633.18 CHG 1964 | 17/02/2019 | C-4 | Books |